00750nam a2200229Ia 4500008004100000041001200041082001200053100003900065245004300104260003600147300000800183365000800191520001400199546001200213630004300225650001400268655001400282730004300296942000900339999001900348952015300367101110s9999 xx 000 0 und d aENGLISH bSR28568 aStrahler Alan H. and Strahler A.N. aModern physical geography, 4th edition c1992bJohn Wiley Sons, New York a638 b583 aGeography aENGLISH aModern physical geography, 4th edition aGeography aGeography aModern physical geography, 4th edition cBOOK c821100d821097 00104070aDBJbDBJc30Ad0000-00-00eAnjani Prakashan, Pune, Bill 3607, dt.8/7/06g583.00j2l0pDBJSR28568r2010-11-11 00:00:00w2010-11-11yBOOK